M-Thly payable reversionary annuities

Gespeichert in:
Bibliographische Detailangaben
1. Verfasser: Bilíková, Mária, 1951-
Format: Buchkapitel
Sprache:Englisch
Schlagworte:
Tags: Tag hinzufügen
Keine Tags, Fügen Sie das erste Tag hinzu!

MARC

LEADER 00000naa a2200000 4500
001 0180186
005 20240502073050.6
041 0 |a eng 
044 |a SK 
245 1 0 |a M-Thly payable reversionary annuities  |c Mária Bilíková 
610 2 0 |a renta 
610 2 0 |a dôchodky 
610 2 0 |a poistenie dôchodkové 
610 2 0 |a anuita 
610 2 0 |a matematika poistná 
100 1 |a Bilíková, Mária, 1951-